000 00604nam a2200193Ia 4500
003 OSt
005 20210521133306.0
008 210310q1979 c gr 000 0 s d
040 _aCO-JMCR
_cCO-JMCR
041 0 _aspa
082 0 4 _a658.15 /
_bS159t
_223
100 1 _aSala, Ricardo,
_915740
_eautor
245 1 0 _aTablas de matemáticas financieras /
_cRicardo Sala
260 _a[Bogotá :
_bUniversidad de los Andes,
_c1979?]
300 _a[64] páginas ;
_c23 cm.
650 1 4 _aAdministración financiera
_915742
_vTablas
650 2 4 _aFinanzas
_xDirección y administración
_937783
942 _2ddc
_cBK
999 _c7891
_d7891